000 00335 a2200157 4500
001 183148
020 _a
040 _cMagnum
100 _aAnchieta, José de
240 1 0 _aO auto de são Lourenço
_lpor
245 1 0 _aO auto de são Lourenço
300 _a112
440 1 _aEdiouro
697 _aLITERATURA GERAL
942 _cBK
999 _c183148
_d183148